Anals de l'Institut d'Orientació Professional
Descripción Física:
3 vols. ; periodicitat: bianual ; 26 cm
Materias:
Orientació professional -- Revistes
; Treball -- Aspectes psicològics -- Revistes
; Ocupacions -- Anàlisi -- Revistes
; Institut d'Orientació Professional -- Revistes
; Revistes
Idioma:
Catalán
MARC
| LEADER | 00000nas a2200000 a 4500 | ||
|---|---|---|---|
| 001 | 10443-10448 | ||
| 003 | Arxiu | ||
| 005 | 20260324181044.0 | ||
| 008 | 160829s19201923spcfr n cat c | ||
| 040 | |a AGDB | ||
| 245 | 0 | 0 | |a Anals de l'Institut d'Orientació Professional |
| 260 | |a Barcelona : |b Publicacions de l'Institut d'Orientació Professional, |c 1920 - 1923 | ||
| 300 | |a 3 vols. ; |b periodicitat: bianual ; |c 26 cm | ||
| 310 | |a Bianual | ||
| 362 | |a Any 1, núm. 1 (maig 1920) -- Any 3-4, núm. 6-7 (desembre 1922 - juny 1923) | ||
| 590 | |a Bibliografia. | ||
| 650 | |a Orientació professional |x Revistes |9 33993 | ||
| 650 | 0 | |a Treball |x Aspectes psicològics |v Revistes |9 33994 | |
| 650 | 0 | |a Ocupacions |x Anàlisi |x Revistes |9 30240 | |
| 650 | |a Institut d'Orientació Professional |x Revistes |9 33996 | ||
| 655 | |a Revistes |9 55823 | ||
| 710 | 2 | |a Institut d'Orientació Professional (Barcelona) |9 71099 | |
| 785 | 0 | 0 | |t Anales de la Sección de Orientación Profesional de la Escuela de Trabajo |
| 866 | |a Any 1, núm. 1 (maig 1920) -- Any 3-4, núm. 6-7 (desembre 1922 - juny 1923) | ||
| 901 | |a Arxiu | ||
| 942 | |n 1 |2 udc |c REV | ||
| 952 | |0 0 |1 0 |2 udc |4 0 |7 1 |9 61626 |a Arxiu |b Arxiu |d 2022-05-10 |h Any 1, núm. 1 (maig 1920) -- Any 1, núm. 2 (desembre 1920) |o Rev-49 |p 10444 |r 2022-05-10 00:00:00 |w 2022-05-10 |y ARXIU |z Números de registre: 10443 (núm. 1) ; 10444 (núm. 2) | ||
| 952 | |0 0 |1 0 |2 udc |4 0 |7 1 |9 61627 |a Arxiu |b Arxiu |d 2022-05-10 |h Any 2, núm. 3 (maig 1921) -- Any 2, núm. 4 (desembre 1921) |o Rev-50 |p 10445 |r 2022-05-10 00:00:00 |w 2022-05-10 |y ARXIU |z Números de registre: 10445 (núm. 3) ; 10446 (num.4) | ||
| 952 | |0 0 |1 0 |2 udc |4 0 |7 1 |9 61628 |a Arxiu |b Arxiu |d 2022-05-10 |h Any 3, núm. 5 (juny 1922) -- Any 3-4, núm. 6-7 (desembre 1922 - juny 1923) |o Rev-51 |p 10447 |r 2022-05-10 00:00:00 |w 2022-05-10 |y ARXIU |z Números de registre: 10447 (núm. 5) ; 10448 (núm. 6-7) | ||
| 999 | |c 50120 |d 50120 | ||